<?xml version="1.0" encoding="UTF-8"?>
<collection xmlns="http://www.loc.gov/MARC21/slim">
 <record>
  <leader>01576nam a2200205Ia 4500</leader>
  <controlfield tag="001">TDMU_20165</controlfield>
  <controlfield tag="008">210410s9999    xx            000 0 und d</controlfield>
  <datafield tag="082" ind1=" " ind2=" ">
   <subfield code="a">324.259774075</subfield>
  </datafield>
  <datafield tag="090" ind1=" " ind2=" ">
   <subfield code="b">B105</subfield>
  </datafield>
  <datafield tag="100" ind1=" " ind2=" ">
   <subfield code="a">Ban Chấp hành Đảng Bộ phường Phú Hòa</subfield>
  </datafield>
  <datafield tag="245" ind1=" " ind2="0">
   <subfield code="a">Lịch sử truyền thống Đảng Bộ và nhân dân phường Phú Hòa thời kỳ 1945 - 2010</subfield>
  </datafield>
  <datafield tag="245" ind1=" " ind2="0">
   <subfield code="c">Ban Chấp hành Đảng bộ phường Phú Hòa</subfield>
  </datafield>
  <datafield tag="260" ind1=" " ind2=" ">
   <subfield code="a">[?].</subfield>
  </datafield>
  <datafield tag="260" ind1=" " ind2=" ">
   <subfield code="b">[?]</subfield>
  </datafield>
  <datafield tag="260" ind1=" " ind2=" ">
   <subfield code="c">2010</subfield>
  </datafield>
  <datafield tag="300" ind1=" " ind2=" ">
   <subfield code="a">280 tr</subfield>
  </datafield>
  <datafield tag="520" ind1=" " ind2=" ">
   <subfield code="a">Gồm: Khái quát những đặc điểm địa chí lịch sử của Phú Hòa; nhân dân Phú Hòa trong cuốc kháng chiến chống thực dân Pháp xâm lược 1945 - 1954; nhân dân Phú hòa trong cuốc kháng chiến chống Mỹ cứu nước (1954 - 1975); Phú Hòa trong công cuộc xây dựng và bảo vệ tổ quốc (1975 - 2010); phụ lục tổ quốc ghi công anh hùng liệt sĩ nguyên quán Phú Hòa, danh sách Ban chấp hành Chi, Đảng bộ và cán bộ đầu ngành qua các kỳ Đại hội Đảng của Phú Hòa (1975 - 2010).</subfield>
  </datafield>
  <datafield tag="650" ind1=" " ind2=" ">
   <subfield code="a">Đảng Cộng Sản</subfield>
   <subfield code="x">Lịch sử</subfield>
   <subfield code="z">Phường Phú Hòa (Bình Dương)</subfield>
   <subfield code="y">1945 - 2010; Phường Phú Hòa (Bình Dương)</subfield>
   <subfield code="x">Lịch sử Đảng</subfield>
   <subfield code="y">1945 - 2010</subfield>
  </datafield>
  <datafield tag="856" ind1=" " ind2=" ">
   <subfield code="u">http://lrc.tdmu.edu.vn/opac/search/detail.asp?aID=2&amp;ID=20165</subfield>
  </datafield>
  <datafield tag="980" ind1=" " ind2=" ">
   <subfield code="a">Trung tâm Học liệu Trường Đại học Thủ Dầu Một</subfield>
  </datafield>
 </record>
</collection>
